000 00440cam a22001571 4500
040 _cDLC
082 0 0 _a519 CHE 1966 A109 Or.
100 1 _aBeyer, William H.,
245 1 0 _aCRC handbook of tables for probability and statistics.
260 _aCleveland,
_bChemical Rubber Co.
_c[1966]
300 _axv, 502 p.
_c28 cm.
650 0 _aMathematical statistics
650 0 _aProbabilities
710 2 _aChemical Rubber Company.
942 _cEK
999 _c16710
_d16710